000 00254nam a2200109Ia 4500
005 20251222143124.0
008 251222s9999||||xx |||||||||||||| ||spa||
082 _a337.18/E53
245 0 _aEmpresa Multinacional Andina:
264 _bCONITE
942 _cLIB
999 _c11668
_d11668